00379cam a22001454a 4500020001500000040000800015082002600023100002000049245002400069250001100093260003800104300004700142650002200189700002200211 a0205279562 cDLC a302 ALL 2000 A021 Or.1 aBaron, Robert A10aSocial psychology / a9th ed aBoston :bAllyn and Bacon,cc2000 axxvi, 678 p. :bill. (chiefly col.)c29 cm 0aSocial psychology1 aByrne, Donn Erwin